00770nam a2200205 i 450000100060000000300090000600500170001500700030003200800410003510000300007624501380010625000150024426000340025930000220029370000440031574000340035985200320039399900170042595201220044295870ES-MaACL20251114150616.0t|050606s1971 sp ||||1| spa d1 aMacDonald, Philip.97512013aLa lista de Adrian Messenger = (The list of Adrian Messenger) / cPhilip MacDonald; traducción del inglés Miguel Giménez Sales. a[1ª ed.]. aBarcelona : bPicazo, c1971. a258 p. ; c18 cm.1 aGiménez Sales, Miguel, d1922-9570674 aThe list of Adrian Messenger. aES-MaACLjC-46033 bR.79687 c95870d95870 00104070aATENEOMbATENEOMcDEPO2d2008-01-17eSCl0oC-46033p1100103r2023-02-23 00:00:00w2023-02-23yMONOGRAFIA